<?xml version="1.0" encoding="UTF-8"?>
<record
    xmlns:xsi="http://www.w3.org/2001/XMLSchema-instance"
    xsi:schemaLocation="http://www.loc.gov/MARC21/slim http://www.loc.gov/standards/marcxml/schema/MARC21slim.xsd"
    xmlns="http://www.loc.gov/MARC21/slim">

  <leader>00543nam a22001817a 4500</leader>
  <controlfield tag="003">OSt</controlfield>
  <controlfield tag="005">20250729075210.0</controlfield>
  <controlfield tag="008">250729b        |||||||| |||| 00| 0 eng d</controlfield>
  <datafield tag="020" ind1=" " ind2=" ">
    <subfield code="a">9789719655688</subfield>
  </datafield>
  <datafield tag="040" ind1=" " ind2=" ">
    <subfield code="a">PH-AMAU</subfield>
  </datafield>
  <datafield tag="050" ind1=" " ind2=" ">
    <subfield code="a">P 90</subfield>
    <subfield code="b">A54 2023</subfield>
  </datafield>
  <datafield tag="100" ind1=" " ind2=" ">
    <subfield code="a">Ang, Jaime Gutierrez</subfield>
    <subfield code="e">author</subfield>
  </datafield>
  <datafield tag="245" ind1=" " ind2=" ">
    <subfield code="a">English / purposive communication :</subfield>
    <subfield code="b">a modular approach /</subfield>
    <subfield code="c">Jaime Gutierrez-Ang</subfield>
  </datafield>
  <datafield tag="250" ind1=" " ind2=" ">
    <subfield code="a">rev. ed.</subfield>
  </datafield>
  <datafield tag="260" ind1=" " ind2=" ">
    <subfield code="a">Intramuros, Manila :</subfield>
    <subfield code="b">Mindshapers Co., Inc.,</subfield>
    <subfield code="c">2023.</subfield>
  </datafield>
  <datafield tag="650" ind1=" " ind2=" ">
    <subfield code="2">Communication</subfield>
    <subfield code="a">Communication</subfield>
  </datafield>
  <datafield tag="942" ind1=" " ind2=" ">
    <subfield code="2">lcc</subfield>
    <subfield code="c">BK</subfield>
    <subfield code="n">0</subfield>
  </datafield>
  <datafield tag="999" ind1=" " ind2=" ">
    <subfield code="c">23658</subfield>
    <subfield code="d">23658</subfield>
  </datafield>
  <datafield tag="952" ind1=" " ind2=" ">
    <subfield code="0">0</subfield>
    <subfield code="1">0</subfield>
    <subfield code="2">lcc</subfield>
    <subfield code="4">0</subfield>
    <subfield code="7">0</subfield>
    <subfield code="a">AMAU</subfield>
    <subfield code="b">AMAU</subfield>
    <subfield code="c">NEW</subfield>
    <subfield code="d">2025-07-29</subfield>
    <subfield code="e">Purchased</subfield>
    <subfield code="i">21916</subfield>
    <subfield code="l">0</subfield>
    <subfield code="o">(Fi) P 90 A54 2023</subfield>
    <subfield code="p">00000000219162023</subfield>
    <subfield code="r">2025-07-29 07:45:12</subfield>
    <subfield code="w">2025-07-29</subfield>
    <subfield code="y">BK</subfield>
    <subfield code="z">Purchased by the Library, February 2025.</subfield>
  </datafield>
</record>
